Normal view
MARC view
- WORLD WAR. 1939-1945-CAMPAIGS-CHINA.WORLD WAR. 1939-1945-CAMPAIGS-BURMA.WORLD WAR. 1939-1945-CAMPAIGS-INDIA
Entry Topical Term
001 - CONTROL NUMBER
- control field: 65177
003 - CONTROL NUMBER IDENTIFIER
- control field: NUST
005 - DATE AND TIME OF LATEST TRANSACTION
- control field: 20210628203408.0
008 - FIXED-LENGTH DATA ELEMENTS
- fixed length control field: 210628|| aca||aabn | a|a d
040 ## - CATALOGING SOURCE
- Original cataloging agency: NUST
- Transcribing agency: NUST
150 ## - HEADING--TOPICAL TERM
- Topical term or geographic name entry element: WORLD WAR. 1939-1945-CAMPAIGS-CHINA.WORLD WAR. 1939-1945-CAMPAIGS-BURMA.WORLD WAR. 1939-1945-CAMPAIGS-INDIA
670 ## - SOURCE DATA FOUND
- Source citation: Work cat.: (NUST): Astor, Gerald 65176, The jungle war, mavericks, marauders and madmen in the china-burma-india theater of world war-ii, 2004
